[Event "Lipetsk op 11th"]
[Site "Lipetsk"]
[Date "2007.08.13"]
[Round "9"]
[White "Malinin, Sergey Alekseevich"]
[Black "Shishkin, Aleksey A"]
[Result "0-1"]
[WhiteElo "2071"]
[BlackElo "2241"]
[PlyCount "74"]
[EventDate "2007.08.05"]
[EventType "swiss"]
[EventRounds "9"]
[EventCountry "RUS"]
[SourceTitle "EXT 2022"]
[Source "ChessBase"]
[SourceDate "2021.10.06"]
[SourceVersion "1"]
[SourceVersionDate "2021.10.06"]
[SourceQuality "1"]

1. e4 g6 2. d4 Bg7 3. f4 c5 4. Nf3 cxd4 5. Nxd4 Nc6 6. c3 Qb6 7. e5 Nh6 8. Nd2 Nxd4 9. Nc4 Qc6 10. cxd4 Qe4+ 11. Qe2 Qxd4 12. Bd2 0-0 13. 0-0-0 b5 14. Na3 b4 15. Nc2 Qb6 16. Bxb4 d6 17. Bc3 Bg4 18. Qe4 Bxd1 19. Kxd1 Ng4 20. Bd4 Nf2+ 21. Bxf2 Qxf2 22. Bd3 dxe5 23. fxe5 Qb6 24. b3 Qe6 25. Re1 Rfd8 26. Nd4 Qd5 27. e6 Qxd4 28. exf7+ Kh8 29. Ke2 Qxe4+ 30. Bxe4 Rab8 31. Rf1 Bf6 32. g4 g5 33. Rf3 Kg7 34. h4 h6 35. h5 Kxf7 36. Rf5 Rb6 37. Ra5 a6 0-1

[Event "Lipetsk op 11th"]
[Site "Lipetsk"]
[Date "2007.08.06"]
[Round "2"]
[White "Titov, Sergey"]
[Black "Shishkin, Aleksey A"]
[Result "0-1"]
[WhiteElo "2101"]
[BlackElo "2241"]
[PlyCount "77"]
[EventDate "2007.08.05"]
[EventType "swiss"]
[EventRounds "9"]
[EventCountry "RUS"]
[SourceTitle "EXT 2022"]
[Source "ChessBase"]
[SourceDate "2021.10.06"]
[SourceVersion "1"]
[SourceVersionDate "2021.10.06"]
[SourceQuality "1"]

1. d4 Nf6 2. c4 e6 3. Nc3 c5 4. e3 d5 5. cxd5 Nxd5 6. Bb5+ Bd7 7. Bd3 cxd4 8. exd4 Nxc3 9. bxc3 Nc6 10. Nf3 Be7 11. 0-0 a6 12. Qe2 Qa5 13. Bd2 Qh5 14. Rfb1 b5 15. a4 0-0 16. axb5 axb5 17. Rxa8 Rxa8 18. Bxb5 Rb8 19. Bd3 Rxb1+ 20. Bxb1 Qa5 21. Qd3 f5 22. h3 Qa4 23. Bc2 Qa1+ 24. Kh2 Bd6+ 25. g3 Qa8 26. d5 Ne5 27. Nxe5 Bxe5 28. dxe6 Bxe6 29. Qe2 Qd5 30. c4 Qc5 31. Bd3 Kf7 32. Be3 Qc7 33. f4 Bf6 34. Qh5+ Kf8 35. Qxh7 Qd6 36. Bxf5 Bxc4 37. Be4 Qa3 38. Bg1 Qa2+ 39. Bg2 0-1

[Event "Lipetsk King's Gambit op-C"]
[Site "Lipetsk"]
[Date "2007.06.25"]
[Round "4"]
[White "Popov, Yuri"]
[Black "Shishkin, Aleksey A"]
[Result "0-1"]
[WhiteElo "2162"]
[BlackElo "2241"]
[PlyCount "96"]
[EventDate "2007.06.22"]
[EventType "swiss"]
[EventRounds "9"]
[EventCountry "RUS"]
[SourceTitle "EXT 2022"]
[Source "ChessBase"]
[SourceDate "2021.10.06"]
[SourceVersion "1"]
[SourceVersionDate "2021.10.06"]
[SourceQuality "1"]

1. e4 c6 2. d4 d5 3. e5 c5 4. Nf3 Bf5 5. c4 e6 6. Nc3 Nc6 7. Be3 cxd4 8. Nxd4 Nge7 9. cxd5 Nxd5 10. Bb5 Nxe3 11. fxe3 Qb6 12. Qf3 Bb4 13. Bxc6+ bxc6 14. Qxc6+ Qxc6 15. Nxc6 Bxc3+ 16. bxc3 Be4 17. Nd4 Bxg2 18. Rg1 Be4 19. Nb5 0-0 20. Nd6 Bd5 21. c4 Bc6 22. Kd2 f6 23. exf6 Rxf6 24. Raf1 Rh6 25. Rf7 Rxh2+ 26. Kc3 Rg2 27. Rxg2 Bxg2 28. c5 h5 29. e4 Bxe4 30. Kd4 Bd5 31. Ke5 a6 32. Rc7 Rf8 33. Nc8 Bg2 34. Ne7+ Kh7 35. Rd7 h4 36. c6 h3 37. c7 h2 38. Rd1 Bb7 39. Kxe6 g5 40. Nd5 Bxd5+ 41. Kxd5 g4 42. Kc5 Rc8 43. Kb6 g3 44. Rh1 Kh6 45. Kb7 Rxc7+ 46. Kxc7 Kg5 47. a4 Kg4 48. Kb7 a5 0-1

[Event "Lipetsk King's Gambit op-C"]
[Site "Lipetsk"]
[Date "2007.06.24"]
[Round "3"]
[White "Shishkin, Aleksey A"]
[Black "Ruchkin, Ivan"]
[Result "1-0"]
[WhiteElo "2241"]
[BlackElo "2053"]
[PlyCount "103"]
[EventDate "2007.06.22"]
[EventType "swiss"]
[EventRounds "9"]
[EventCountry "RUS"]
[SourceTitle "EXT 2022"]
[Source "ChessBase"]
[SourceDate "2021.10.06"]
[SourceVersion "1"]
[SourceVersionDate "2021.10.06"]
[SourceQuality "1"]

1. Nf3 Nf6 2. c4 c5 3. Nc3 d5 4. cxd5 Nxd5 5. d4 Nxc3 6. bxc3 g6 7. e4 Bg7 8. Be3 Qa5 9. Qd2 0-0 10. Rc1 cxd4 11. cxd4 Qxd2+ 12. Nxd2 e6 13. Nb3 b6 14. f3 Ba6 15. Kf2 Rd8 16. Be2 Bf8 17. h4 Ba3 18. Rc2 Bxe2 19. Kxe2 Na6 20. Bc1 Be7 21. Bg5 f6 22. Bd2 Rac8 23. Rhc1 Rxc2 24. Rxc2 Rd7 25. Rc8+ Kg7 26. Bf4 Bd6 27. Bxd6 Rxd6 28. a3 Rd7 29. Kd3 Rc7 30. Ra8 Kf7 31. Rh8 Kg7 32. Re8 Kf7 33. Ra8 Ke7 34. g4 Kd6 35. f4 Rb7 36. Rf8 Ke7 37. Rh8 Kd6 38. Na1 e5 39. dxe5+ fxe5 40. f5 Nc5+ 41. Ke3 b5 42. Nc2 a5 43. fxg6 hxg6 44. Rg8 b4 45. Rxg6+ Ne6 46. axb4 axb4 47. Kd3 b3 48. Na3 Ke7 49. Rh6 Nf4+ 50. Kc3 Kf8 51. Nc4 Ne2+ 52. Kb2 1-0